| 000 | 00993nam a22003137a 4500 | ||
|---|---|---|---|
| 001 | BR2011002716 | ||
| 003 | BR-BrBNA | ||
| 005 | 20230928103719.0 | ||
| 007 | ta | ||
| 008 | 230509b bl.||||| |||| 00| 0 por d | ||
| 040 |
_aBR-BrBNA _bpor _cBiblioteca Nacional de Agricultura |
||
| 041 | _a(Por) | ||
| 072 |
_aD50 _b5212 _b5217 |
||
| 090 | _ 5212 BR2011002716 | ||
| 110 | 1 | _aMinistério da Agricultura, Pecuária e Abastecimento, Brasília, DF (Brasil) | |
| 245 | 1 |
_aManual operacional: sistema brasileiro de identificação e certificação de origem bovina e bubalina _bElaboração Grupo de Trabalho Criado pela Portaria SDA nº 68, de 15 de setembro de 2004 |
|
| 260 | 3 |
_aBrasília, DF (Brasil): _c2004. |
|
| 300 | _a114 p. | ||
| 500 | _a5 tables | ||
| 650 | _aLEGISLAÇÃO | ||
| 650 | _aPORTARIA | ||
| 650 | _aIDENTIFICAÇÃO | ||
| 650 | _aBOVINO | ||
| 650 | _aBUFALO | ||
| 650 | _aABATE | ||
| 650 | _aCADASTRO | ||
| 909 |
_a202309 _bLucia _c55 _dLucia Elande |
||
| 942 | _cBK | ||
| 999 |
_c76281 _d76281 |
||